<?xml version="1.0" encoding="UTF-8"?>
<record
    xmlns:xsi="http://www.w3.org/2001/XMLSchema-instance"
    xsi:schemaLocation="http://www.loc.gov/MARC21/slim http://www.loc.gov/standards/marcxml/schema/MARC21slim.xsd"
    xmlns="http://www.loc.gov/MARC21/slim">

  <leader>02117    a2200229   4500</leader>
  <controlfield tag="001">39521</controlfield>
  <controlfield tag="005">20260407155653.0</controlfield>
  <controlfield tag="008">260407a1964    arg                 spa d</controlfield>
  <controlfield tag="003">AR-UNSa-BCEJYS</controlfield>
  <datafield tag="040" ind1=" " ind2=" ">
    <subfield code="a">AR-UNSa-BCEJYS</subfield>
    <subfield code="b">spa</subfield>
    <subfield code="c">AR-UNSa-BCEJYS</subfield>
  </datafield>
  <datafield tag="080" ind1=" " ind2=" ">
    <subfield code="a">659</subfield>
    <subfield code="x">Publicidad y propaganda. Informaci&#xF3;n Relaciones p&#xFA;blicas
</subfield>
  </datafield>
  <datafield tag="245" ind1="1" ind2="0">
    <subfield code="a">Manual de relaciones p&#xFA;blicas</subfield>
  </datafield>
  <datafield tag="264" ind1=" " ind2="1">
    <subfield code="a">Barcelona :</subfield>
    <subfield code="b">Sagitario</subfield>
    <subfield code="c">1964</subfield>
  </datafield>
  <datafield tag="300" ind1=" " ind2=" ">
    <subfield code="a">349 p.</subfield>
    <subfield code="c">22 cm.</subfield>
  </datafield>
  <datafield tag="505" ind1=" " ind2=" ">
    <subfield code="a">1. Pr&#xF3;logo a la edici&#xF3;n espa&#xF1;ola - 2. Pr&#xF3;logo - 3. &#xBF; Por qu&#xE9; ha sido escrito este libro ? - 4. Presupuesto para relaciones p&#xFA;blicas - 5. Las ventajas del estudio de mercado -  6. Situaci&#xF3;n del anuncio - 7. Proyecci&#xF3;n en la prensa - 8. El parlamento y las relaciones p&#xFA;blicas - 9. Comprensi&#xF3;n sobre la autoridad local - 10. Relaciones de comunidad - 11. Organizaci&#xF3;n de un departamento de relaciones p&#xFA;blicas - 12. Organizaci&#xF3;n de un departamento - 13. Organizaci&#xF3;n de un departamento de relaciones p&#xFA;blicas - 14. Organizaci&#xF3;n de un departamento de prensa - 15. El suelto de prensa - 16. La conferencia de prensa - 17. Planear una visita de prensa - 18. Relaciones de prensa financiera - 19. Relaciones de prensa internacional - 20. Relaciones de radio y televisi&#xF3;n - 21. Establecer un estilo propio - 22. Imprenta - 23. Los usos de la fotograf&#xED;a - 24. C&#xF3;mo hacer una pel&#xED;cula patrocinada - 25. La exhibici&#xF3;n en las relaciones p&#xFA;blicas - 26. C&#xF3;mo organizar una promoci&#xF3;n - 27. C&#xF3;mo organizar una exhibici&#xF3;n de modas - 27. Tomar parte de una exhibici&#xF3;n - 28. Obtener el m&#xE1;ximo &#xE9;xito de una exhibici&#xF3;n - 29. C&#xF3;mo llegar al p&#xFA;blico especializado - 30. Relaciones con el accionista - 31. Relaciones con el expendedor - 32. Relaciones con el cliente - 33. Publicaciones de la empresa para el exterior - 34. Publicaciones de una empresa para sus empleados - 35. Comunicaci&#xF3;n y relaciones con el empleado - 36. Aprender a encontrar informaci&#xF3;n.</subfield>
  </datafield>
  <datafield tag="942" ind1=" " ind2=" ">
    <subfield code="c">BK</subfield>
  </datafield>
  <datafield tag="590" ind1=" " ind2=" ">
    <subfield code="a">niveau_biblio:m niveau_hierar:0</subfield>
  </datafield>
  <datafield tag="100" ind1="1" ind2=" ">
    <subfield code="a">Ellis, Nigel</subfield>
  </datafield>
  <datafield tag="700" ind1="1" ind2=" ">
    <subfield code="a">Bowman, Pat</subfield>
  </datafield>
  <datafield tag="700" ind1="1" ind2=" ">
    <subfield code="a">Sanz y Diaz, Jos&#xE9;</subfield>
  </datafield>
  <datafield tag="700" ind1="1" ind2=" ">
    <subfield code="a">Ortega, C. G. de</subfield>
  </datafield>
  <datafield tag="999" ind1=" " ind2=" ">
    <subfield code="c">3059</subfield>
    <subfield code="d">3059</subfield>
  </datafield>
  <datafield tag="952" ind1=" " ind2=" ">
    <subfield code="0">0</subfield>
    <subfield code="1">0</subfield>
    <subfield code="4">0</subfield>
    <subfield code="7">0</subfield>
    <subfield code="a">BCEJYS</subfield>
    <subfield code="b">BCEJYS</subfield>
    <subfield code="c">16</subfield>
    <subfield code="d">2026-04-07</subfield>
    <subfield code="l">0</subfield>
    <subfield code="o">659 E47</subfield>
    <subfield code="p">L23906</subfield>
    <subfield code="r">2026-04-07 15:56:53</subfield>
    <subfield code="w">2026-04-07</subfield>
    <subfield code="y">L</subfield>
  </datafield>
</record>
